Scrawny - Wallows (All Lyrics) - Statistics

General Stats
  • This quiz has been taken 249 times
  • The average score is 234 of 296
Answer Stats
Scrawny % Correct
I
99%
a
98%
with
98%
Chorus Scrawny
96%
scrawny
96%
cool
95%
the
95%
motherfucker
94%
hairstyle
92%
I'm
91%
be
90%
do
90%
then
90%
thin
90%
don't
89%
Don't
89%
to
89%
you
89%
you?
89%
Chorus You
89%
my
88%
Still
88%
still
88%
on
85%
all
83%
by
83%
same
83%
wear
83%
back
82%
like
82%
me
82%
they
82%
They
82%
can
81%
did
81%
been
80%
friends
80%
And
79%
and
79%
light
79%
shoes
79%
but
78%
of
78%
think
78%
it
77%
It
77%
see
77%
sleeping
77%
us
77%
ever
73%
little
73%
things
73%
closer
72%
that
72%
come
71%
Pre-Chorus I've
71%
remember
71%
what
71%
Will
71%
tell
70%
can't
69%
if
69%
If
69%
off
69%
try
69%
Verse 1 Used
69%
when
69%
untied
68%
look
67%
now
67%
so
67%
they've
67%
regret
65%
at
64%
Am
63%
in
63%
myself
63%
should
63%
stay
62%
change
61%
listen
61%
out
61%
through?
61%
unfold
61%
story
60%
about
59%
shit
59%
freak
58%
right
58%
tend
58%
clothes
57%
isn't
57%
level
57%
say
57%
mind
56%
control
55%
Bridge I'll
55%
Maybe
55%
not
55%
people
55%
smile
55%
them
55%
watch
55%
wrong
55%
Only
54%
content
53%
I'd
53%
up
53%
wanted
53%
one
52%
feeling
51%
offending
51%
Question
51%
switch
51%
care
49%
those
49%
times
49%
together
49%
we're
49%
how
47%
dismember
46%
Take
45%
take
45%
though
45%
cooler
42%
Hate
42%
mannequin
42%
than
42%
mile
41%
they're
41%
looking
40%
They'll
40%
child
34%
have
34%
home
32%
might
31%
mom
31%
awhile
27%
It'll
27%
wisdom
24%
No matching quizzes found
Score Distribution
Percent of People with Each Score
Percentile by Number Answered
Your Score History
You have not taken this quiz